000 00222nam a22000857a 4500
999 _c11034
_d11034
008 180801b ||||| |||| 00| 0 eng d
100 _aWilliams Sidney
_96818
245 _aThe Dusky Society
260 _aNew Delhi
_bCampfire
_c2016